Las escrófulas y su curación, mediante el uso interno y externo de las aguas minero-medicinales del establecimiento de baños de Carlos III, en la villa de Trillo : (Record no. 154633)

MARC details
000 -LEADER
campo de control de longitud fija 01326nam a22002295i 4500
001 - NÚMERO DE CONTROL
campo de control 154633
003 - IDENTIFICADOR DE NÚMERO DE CONTROL
campo de control ES-MaACL
005 - FECHA Y HORA DE LA ÚLTIMA TRANSACCIÓN
campo de control 20250816063144.0
008 - DATOS DE LONGITUD FIJA--INFORMACIÓN GENERAL
campo de control de longitud fija 011114s1852 sp |||| | spa d
100 2# - ENTRADA PRINCIPAL--NOMBRE DE PERSONA
Nombre de persona González y Crespo, Mariano José,
Fechas asociadas al nombre 1794-1868
9 (RLIN) 127450
245 14 - MENCIÓN DEL TÍTULO
Título Las escrófulas y su curación, mediante el uso interno y externo de las aguas minero-medicinales del establecimiento de baños de Carlos III, en la villa de Trillo :
Resto del título terapéutica hidrológica /
Mención de responsabilidad, etc. por el doctor D. Mariano José González y Crespo.
260 ## - PUBLICACIÓN, DISTRIBUCIÓN, ETC.
Lugar de publicación, distribución, etc. Madrid :
Nombre del editor, distribuidor, etc. [s.n.],
Fecha de publicación, distribución, etc. 1852 (
Fabricante Imp. de D. Alejandro Gómez Fuentenebro)
300 ## - DESCRIPCIÓN FÍSICA
Extensión 79, 16 p. ;
Dimensiones 22 cm.
505 8# - NOTA DE CONTENIDO CON FORMATO
Nota de contenido con formato Contiene: Noticia abreviada del establecimiento de aguas y baños minero-medicinales de Carlos III, en la villa de Trillo,...
530 ## - NOTA DISPONIBLE DE FORMULARIO FÍSICO ADICIONAL
Nota de formato físico adicional disponible Disponible en formato digital.
650 00 - PUNTO DE ACCESO ADICIONAL DE MATERIA--TÉRMINO DE MATERIA
Término de materia o nombre geográfico como elemento de entrada Sistema linfático-
Subdivisión general Enfermedades.
9 (RLIN) 17130
650 #4 - PUNTO DE ACCESO ADICIONAL DE MATERIA--TÉRMINO DE MATERIA
Término de materia o nombre geográfico como elemento de entrada Aguas minerales-
Subdivisión geográfica Trillo (Guadalajara)
9 (RLIN) 172328
650 00 - PUNTO DE ACCESO ADICIONAL DE MATERIA--TÉRMINO DE MATERIA
Término de materia o nombre geográfico como elemento de entrada Hidrología-
Subdivisión geográfica España.
9 (RLIN) 13340
852 ## - LOCALIZACIÓN
Ubicación ES-MaACL
Número de control de estantería T-356-F-14
Nota libre - Enc. hol., falto de cub. original
-- - An. ms.: Ded. de Gustavo Sáenz Díez a la biblioteca de Los Escolares Médicos"
-- - Enc. en un vol. facticio
856 ## - LOCALIZACIÓN Y ACCESO ELECTRÓNICOS
Identificador Uniforme de Recursos <a href="http://bdh-rd.bne.es/viewer.vm?id=0000109220&page=1 ">http://bdh-rd.bne.es/viewer.vm?id=0000109220&page=1 </a>
Nota pública Biblioteca Digital Hispánica
Holdings
Estatus retirado Estado de pérdida Estado de daño No para préstamo Colección Biblioteca de origen Biblioteca actual Ubicación en estantería Fecha de adquisición Total de préstamos Signatura topográfica completa Código de barras Visto por última vez Precio de reemplazo Tipo de ítem Koha
        Colección de folletos Biblioteca del Ateneo de Madrid Biblioteca del Ateneo de Madrid Depósito folletos 17/01/2008   T-356-F-14 1161732 23/02/2023 23/02/2023 Folleto